000 00846nam a22002657a 4500
005 20250729103612.0
008 250729b |||||||| |||| 00| 0 eng d
020 _a88-08-09444-8 (pbk)
037 _cTB
040 _aCRL
_cCRL
041 _2eng
_aeng
084 _aP121:4k N6
_qCRL
100 _aCannella, Di Mario
_9816742
245 _aIl primo zanichelli:
_bVocabolario elementare di Italiano
250 _a2nd
260 _aBologna, Italy:
_bFrench and European,
_c1996
300 _a1151p.
365 _b500.00
_cINR
650 _aItalian Language
_9816743
650 _aDictionaries
_9816744
650 _aLanguage and Language
_9816745
650 _aLinguistics
_9816746
942 _2CC
_cTB
_e2nd
_hP121:4k N6
_n0
999 _c1434350
_d1434350